|
|
|
|
| LEADER |
00000nam0a2200000 4500 |
| 001 |
186810 |
| 005 |
20251120145140.0 |
| 035 |
|
|
|a (RuTPU)RU\TPU\book\202679
|
| 035 |
|
|
|a RU\TPU\tpu\6556
|
| 090 |
|
|
|a 186810
|
| 100 |
|
|
|a 20101103f k y0rusy50 ca
|
| 101 |
0 |
|
|a rus
|
| 102 |
|
|
|a RU
|
| 105 |
|
|
|a a j 000zy
|
| 200 |
1 |
|
|a Металлургия меди, свинца, серебра, золота, цинка
|e лекции, читанные во втором полугодии 1903-1904 гг.
|f И. (С.) И. Рончевский
|g Томский технологический институт (ТТИ)
|
| 210 |
|
|
|a [Томск]
|
| 215 |
|
|
|a 226, [2], 137, [1], 114, [1], 82, 62, [2] c.
|c 14 л. черт.
|
| 300 |
|
|
|a Литографированное издание
|
| 300 |
|
|
|a Текст в русской дореформенной орфографии
|
| 316 |
|
|
|5 63413507: 8107
|a Владельческий переплет ТТИ
|
| 316 |
|
|
|5 63413507: 8107 (ШкА/165)
|a Приложение: 28 листов чертежей
|
| 317 |
|
|
|5 63413507: 83//329
|a Поступила в НТБ в 1910 г. в составе книжного собрания профессора ТТИ А. Э. Сабека
|
| 606 |
1 |
|
|a Цветная металлургия
|2 stltpush
|3 (RuTPU)RU\TPU\subj\17753
|9 43323
|
| 610 |
1 |
|
|a труды учёных ТПУ
|
| 610 |
1 |
|
|a учебные пособия
|
| 610 |
1 |
|
|a золото
|
| 610 |
1 |
|
|a медь
|
| 610 |
1 |
|
|a свинец
|
| 610 |
1 |
|
|a серебро
|
| 610 |
1 |
|
|a цинк
|
| 610 |
1 |
|
|a коллекция А. Э. Сабека
|
| 610 |
1 |
|
|a коллекция ТПУ
|
| 610 |
1 |
|
|a владельческие знаки
|
| 675 |
|
|
|a 669.2(075)
|v 3
|
| 700 |
|
1 |
|a Рончевский
|b И. (С.) И.
|c российский ученый-металлург
|c профессор ТТИ
|f 1864-?
|g Иосиф (Станислав) Игнатьевич
|3 (RuTPU)RU\TPU\pers\21849
|9 9187
|
| 712 |
0 |
2 |
|a Томский технологический институт (ТТИ)
|c (1896-1923)
|3 (RuTPU)RU\TPU\col\9244
|
| 801 |
|
0 |
|a RU
|b 63413507
|c 20011210
|g PSBO
|
| 801 |
|
2 |
|a RU
|b 63413507
|c 20200203
|g PSBO
|
| 942 |
|
|
|c BK
|